000
00325 a2200133 4500
999
_c
12181
_d
12181
003
OSt
005
20231223161923.0
008
231223b ||||| |||| 00| 0 eng d
020
_a
9791186338940
100
_a
Plugin
245
_a
Shape Construction,4
_b
Palygon base
260
_b
Plugin publishing company
_c
2018
942
_2
ddc